000
00289nam a2200121Ia 4500
008
231129s9999||||xx |||||||||||||| ||spa||
040
_b
spa
082
_a
693.7 G258e
100
_a
Gatz Konrad
245
0
_a
Edificios con estructuras metalicas
264
_a
Gustavo Gili
942
_2
ddc
_c
BKS
999
_c
9955
_d
9955